Půl roku Estonské republiky v eurozóně
Estónsko je zatiaľ poslednou, sedemnástou krajinou, ktorá prijala euro a vstúpila do eurozóny. Profil a členstvo Estónska v eurozóne.
Gespeichert in:
| 1. Verfasser: | |
|---|---|
| Format: | Buchkapitel |
| Sprache: | Tschechisch |
| Schlagworte: | |
| Tags: |
Keine Tags, Fügen Sie das erste Tag hinzu!
|
MARC
| LEADER | 00000naa a2200000 4500 | ||
|---|---|---|---|
| 001 | 0136445 | ||
| 005 | 20231129094404.8 | ||
| 041 | 0 | |a cze | |
| 044 | |a CZ | ||
| 245 | 1 | 0 | |a Půl roku Estonské republiky v eurozóně |c Karel Machala |
| 520 | |a Estónsko je zatiaľ poslednou, sedemnástou krajinou, ktorá prijala euro a vstúpila do eurozóny. Profil a členstvo Estónska v eurozóne. | ||
| 610 | 2 | 0 | |a Európska únia |
| 610 | 2 | 0 | |a Estónsko |
| 610 | 2 | 0 | |a eurozóna |
| 610 | 2 | 0 | |a únie menové |
| 610 | 2 | 0 | |a obyvateľstvo |
| 610 | 2 | 0 | |a hospodárstvo trhové |
| 610 | 2 | 0 | |a spolupráca medzinárodná |
| 100 | 1 | |a Machala, Karel | |